What Is Architectural History? (Record no. 15607)

MARC details
000 -LEADER
fixed length control field 00394nam a2200157Ia 4500
008 - FIXED-LENGTH DATA ELEMENTS--GENERAL INFORMATION
fixed length control field 220803s9999 xx 000 0 und d
020 ## - INTERNATIONAL STANDARD BOOK NUMBER
International Standard Book Number 9780745644561
041 ## - LANGUAGE CODE
Language code of text/sound track or separate title eng
082 ## - DEWEY DECIMAL CLASSIFICATION NUMBER
Classification number 722 LEA
100 ## - MAIN ENTRY--PERSONAL NAME
Personal name Leach A
9 (RLIN) 24710
245 ## - TITLE STATEMENT
Title What Is Architectural History?
260 ## - PUBLICATION, DISTRIBUTION, ETC. (IMPRINT)
Place of publication, distribution, etc. New York
Name of publisher, distributor, etc. Polity Press
Date of publication, distribution, etc. 2010
300 ## - PHYSICAL DESCRIPTION
Extent 168p
500 ## - GENERAL NOTE
Keywords ARCHI
650 ## - SUBJECT ADDED ENTRY--TOPICAL TERM
Topical term or geographic name as entry element Landscape Architecture
9 (RLIN) 24711
Holdings
Withdrawn status Lost status Damaged status Not for loan Collection code Home library Current library Date acquired Vendor Cost, normal purchase price Full call number Barcode Date last seen Cost, replacement price Bill Date Koha item type Original Barcode
      Reference Book of B Arch Dr. Bhanuben Nanavati College of Architecture Dr. Bhanuben Nanavati College of Architecture 30/09/2014 Technical Book Source 2918.86 720.9 LEA BNCA-BK-8973 03/08/2022 2918.86 19/09/2014 Reference book B08973